państwa z którymi grała reprezentacja Polski - NAGŁA ŚMIERĆ - Statystyki

Ogólne statystyki
  • Ten quiz został rozwiązany 158 razy
  • Średni wynik to 11 z 17
Answers on the Grid
Answers color-coded by a green-red scale on the quiz's grid according to % correct below.
Estonia
Kosowo
Gwinea Bissau
Łotwa
Białoruś
Kamerun
Mauretania
Hiszpania
Sahara Zachodnia
Azerbejdżan
Gwatemala
Szwajcaria
Liban
Ukraina
Vanuatu
Wyspy Marshalla
Zjednoczone Emiraty Arabskie
Surinam
Paragwaj
Saint Vincent i Grenadyny
Meksyk
Chile
Czarnogóra
Czad
Tajlandia
Dżibuti
Egipt
Cypr
Indonezja
Gwinea Równikowa
 
Statystyki odpowiedzi
Odpowiedź % Poprawnych
Estonia
95%
Łotwa
81%
Białoruś
79%
Hiszpania
77%
Meksyk
76%
Szwajcaria
76%
Ukraina
76%
Czarnogóra
74%
Chile
72%
Azerbejdżan
67%
Cypr
63%
Kamerun
61%
Egipt
59%
Paragwaj
45%
Tajlandia
45%
Zjednoczone Emiraty Arabskie
42%
Gwatemala
13%
Nie znaleziono quizów pasujących do podanych kryteriów
Rozkład punktacji
Procent ludzi z każdym wynikiem
Percentyl według liczby udzielonych odpowiedzi
Twoja historia wyników
Nie rozwiązałeś tego quizu